| 000 | 00561nam a22001577a 4500 | ||
|---|---|---|---|
| 003 | OSt | ||
| 005 | 20151130153101.0 | ||
| 008 | 151130b xxu||||| |||| 00| 0 eng d | ||
| 040 | _cRUA | ||
| 082 | _aFIS ហ៊ៅ 1996 B163 Or.1 | ||
| 100 |
_94041 _aហ៊ៅ គឹមស្រេង |
||
| 245 | _aឥទ្ធឹពលនៃទំហំត្រីមេពុជទីឡាព្យាឆ្នូតលើសមត្ថភាពបន្តពូជរបស់វា | ||
| 260 |
_aPhnom penh _bRUA _c1996 |
||
| 300 |
_a68p. _bill. _c29cm. |
||
| 942 |
_2ddc _cFIS |
||
| 999 |
_c3761 _d3761 |
||